| 000 | 00484cam a2200169 a 4500 | ||
|---|---|---|---|
| 020 | _a0424001314 | ||
| 040 | _cCU | ||
| 082 | _a633 SYD 1988 A041 Or. | ||
| 245 | 0 | 0 | _aPrinciples of field crop production / |
| 250 | _a2nd. ed. | ||
| 260 |
_a[Sydney] : _bSydney University Press, _c1988. |
||
| 300 |
_ax, 463 p. : _bill., maps ; _c24 cm. |
||
| 650 | 0 | _aField crops | |
| 700 | 1 | _aPratley, J. E. | |
| 856 | 4 | 2 | _uhttp://www.loc.gov/catdir/enhancements/fy0639/90114741-d.html |
| 942 | _cEK | ||
| 999 |
_c12097 _d12097 |
||